| 000 -LEADER | |
|---|---|
| fixed length control field | 00423nam a22001697a 4500 |
| 005 - DATE AND TIME OF LATEST TRANSACTION | |
| control field | 20260408155423.0 |
| 008 - FIXED-LENGTH DATA ELEMENTS--GENERAL INFORMATION | |
| fixed length control field | 160628b xxu||||| |||| 00| 0 eng d |
| 020 ## - INTERNATIONAL STANDARD BOOK NUMBER | |
| ISBN | 978-0-143-06857-0 |
| 041 ## - LANGUAGE CODE | |
| Language code of text/sound track or separate title | eng |
| 082 ## - DEWEY DECIMAL CLASSIFICATION NUMBER | |
| Classification number | 338.940954 |
| 100 ## - MAIN ENTRY--AUTHOR NAME | |
| Personal name | Murlty, R.K. Narayan |
| 245 ## - TITLE STATEMENT | |
| Title | A Better India A better world |
| 260 ## - PUBLICATION, DISTRIBUTION, ETC. (IMPRINT) | |
| Name of publisher | Penguin India |
| Year of publication | 2010 |
| 300 ## - PHYSICAL DESCRIPTION | |
| Number of Pages | 290 |
| 650 ## - SUBJECT ADDED ENTRY--TOPICAL TERM | |
| Topical Term | economic development |
| 942 ## - ADDED ENTRY ELEMENTS (KOHA) | |
| Koha item type | Books |
| Lost status | Damaged status | Collection code | Home library | Current library | Shelving location | Date acquired | Cost, normal purchase price | Full call number | Accession Number | Koha item type |
|---|---|---|---|---|---|---|---|---|---|---|
| LIFE SKILL | JRU Library | JRU Library | SHELF-101-E | 28/06/2016 | 299.00 | 338.940954 | 10543 | Books | ||
| LIFE SKILL | JRU Library | JRU Library | SHELF-101-A | 28/06/2016 | 299.00 | 338.940954 | 10544 | Books | ||
| LIFE SKILL | JRU Library | JRU Library | SHELF-101-A | 28/06/2016 | 299.00 | 338.940954 | 10545 | Books | ||
| LIFE SKILL | JRU Library | JRU Library | SHELF-101-A | 28/06/2016 | 299.00 | 338.940954 | 10546 | Books | ||
| LIFE SKILL | JRU Library | JRU Library | SHELF-101-A | 28/06/2016 | 299.00 | 338.940954 | 10547 | Books |